[Event "Caldaro op 4th"]
[Site "Caldaro"]
[Date "2019.10.19"]
[Round "2"]
[White "Eichner, Manfred"]
[Black "Thaler, Elmar"]
[Result "0-1"]
[WhiteElo "1946"]
[BlackElo "1836"]
[PlyCount "106"]
[EventDate "2019.10.18"]
[EventType "swiss"]
[EventRounds "5"]
[EventCountry "ITA"]
[SourceTitle "CBM 192 Extra"]
[Source "Chessbase"]
[SourceDate "2019.11.06"]
[SourceVersion "1"]
[SourceVersionDate "2019.11.06"]
[SourceQuality "1"]

1. Nf3 d5 2. e3 Nf6 3. c4 e6 4. b3 Be7 5. Bb2 0-0 6. Be2 c5 7. 0-0 Nc6 8. cxd5 exd5 9. d4 Bf5 10. Nc3 Qd7 11. Rc1 cxd4 12. Nxd4 Bg6 13. Ncb5 Rac8 14. Nxc6 bxc6 15. Nd4 c5 16. Nf3 Bf5 17. Be5 Ne4 18. Ba6 Rcd8 19. Qe2 Qe6 20. Bd3 Bg4 21. Bg3 Nxg3 22. hxg3 Rc8 23. Qc2 g6 24. Nd2 Rfd8 25. Rfe1 Qd6 26. f3 Be6 27. Nf1 Qb6 28. Qf2 c4 29. bxc4 dxc4 30. Be4 Qa5 31. Re2 Ba3 32. Rb1 Rb8 33. Rxb8 Rxb8 34. g4 c3 35. Rc2 Rb1 36. Kh2 f5 37. gxf5 Bxf5 38. Ng3 Bd6 39. Bxf5 Qxf5 40. f4 Qf8 41. Ne4 Qh6+ 42. Kg3 Be7 43. Kf3 Qh5+ 44. g4 Qh1+ 45. Qg2 Qd1+ 46. Kg3 h5 47. gxh5 Qxh5 48. Ng5 Bxg5 49. Qd5+ Kg7 50. fxg5 Rg1+ 51. Rg2 Rxg2+ 52. Kxg2 Qe2+ 53. Kh1 Qe1+ 0-1

[Event "Caldaro op 3rd"]
[Site "Caldaro"]
[Date "2018.11.02"]
[Round "3"]
[White "Eichner, Manfred"]
[Black "Pedoni, Lorenzo"]
[Result "0-1"]
[WhiteElo "1952"]
[BlackElo "2009"]
[PlyCount "82"]
[EventDate "2018.11.01"]
[EventType "swiss"]
[EventRounds "6"]
[EventCountry "ITA"]
[SourceTitle "EXT 2021"]
[Source "ChessBase"]
[SourceDate "2020.10.23"]
[SourceVersion "1"]
[SourceVersionDate "2020.10.23"]
[SourceQuality "1"]

1. c4 e5 2. Nc3 Nf6 3. Nf3 Nc6 4. e4 Bc5 5. Bd3 d6 6. h3 0-0 7. a3 a5 8. Rb1 Bd7 9. b3 Nd4 10. 0-0 h6 11. Bb2 Nh7 12. Nd5 Ne6 13. b4 axb4 14. axb4 Bd4 15. Qb3 Ba4 16. Qa2 c6 17. Ne3 Nf4 18. Ne1 Bxe3 19. fxe3 Nxd3 20. Ba3 Nxe1 21. Rbxe1 b5 22. Rf5 bxc4 23. b5 Bb3 24. Qb2 cxb5 25. d4 Qa5 26. Ra1 b4 27. dxe5 bxa3 28. Qd4 Qc5 29. exd6 Qxd4 30. exd4 c3 31. Rf3 c2 32. Rxb3 Rfb8 33. Re3 a2 34. Kh2 Rb1 35. Re1 Nf6 36. e5 Nd7 37. Kg3 Rxe1 38. Rxe1 a1Q 39. Rxa1 Rxa1 40. Kf4 c1Q+ 41. Ke4 Qc6+ 0-1

[Event "Augsburg op"]
[Site "Augsburg"]
[Date "2013.12.29"]
[Round "5"]
[White "Eichner, Manfred"]
[Black "Reimann, Sebastian"]
[Result "1/2-1/2"]
[WhiteElo "2056"]
[BlackElo "1712"]
[PlyCount "83"]
[EventDate "2013.12.27"]
[EventType "swiss"]
[EventRounds "7"]
[EventCountry "GER"]
[SourceTitle "CBM 158 Extra"]
[Source "ChessBase"]
[SourceDate "2014.02.28"]
[SourceVersion "1"]
[SourceVersionDate "2014.02.28"]
[SourceQuality "1"]

1. e4 c5 2. Nf3 d6 3. Bb5+ Bd7 4. Bxd7+ Qxd7 5. c4 Nf6 6. Nc3 e5 7. d3 Be7 8. h3 Nc6 9. Be3 a6 10. a4 Qc7 11. 0-0 0-0 12. Nd2 Nd7 13. f4 exf4 14. Nd5 Qd8 15. Bxf4 Nf6 16. Nxe7+ Nxe7 17. Bg5 Nd7 18. Qg4 f6 19. Bh6 Ng6 20. Be3 Re8 21. Kh1 Nde5 22. Qe2 Rc8 23. Ra3 Nc6 24. Rf5 Qd7 25. Qf2 Nb4 26. Nf1 Ne5 27. Qd2 b5 28. axb5 axb5 29. Rc3 Qe6 30. cxb5 Rb8 31. Ng3 Rxb5 32. d4 Nc4 33. Qe2 Nxe3 34. Rxe3 Ra5 35. d5 Qe7 36. Nh5 Ra1+ 37. Kh2 Kh8 38. Ng3 Rc1 39. Rb3 Nc2 40. Qd2 Nd4 41. Qxc1 Nxb3 42. Qc3 1/2-1/2

[Event "Landesliga Sued 1314"]
[Site "Bayern"]
[Date "2013.12.15"]
[Round "4.8"]
[White "Eichner, Manfred"]
[Black "Baier, Herbert"]
[Result "1-0"]
[WhiteElo "2007"]
[BlackElo "2041"]
[PlyCount "61"]
[EventDate "2013.10.13"]
[EventType "team-tourn"]
[EventRounds "9"]
[EventCountry "GER"]
[SourceTitle "EXT 2015"]
[Source "ChessBase"]
[SourceDate "2014.11.20"]
[SourceVersion "1"]
[SourceVersionDate "2014.11.20"]
[SourceQuality "1"]
[WhiteTeam "Goeggingen"]
[BlackTeam "Freising"]
[WhiteTeamCountry "GER"]
[BlackTeamCountry "GER"]

1. e4 Nf6 2. e5 Nd5 3. d4 d6 4. Bc4 Nb6 5. Bb3 dxe5 6. Qh5 e6 7. dxe5 Nc6 8. Nf3 g6 9. Qg4 Bg7 10. Qe4 Qe7 11. c3 0-0 12. 0-0 Nd7 13. Bf4 Qc5 14. Re1 Qb5 15. Nbd2 Nc5 16. Qe3 Nxb3 17. axb3 Rd8 18. Nd4 Nxd4 19. cxd4 Qb6 20. Nf3 Bd7 21. Bg5 Re8 22. Nd2 Bc6 23. Nc4 Qb4 24. h4 Bd5 25. Rec1 a6 26. h5 gxh5 27. Rc3 Qf8 28. Qf4 Kh8 29. Rg3 h6 30. Bf6 Bxf6 31. exf6 1-0

[Event "Landesliga Sued 1314"]
[Site "Bayern"]
[Date "2013.10.13"]
[Round "1.8"]
[White "Eichner, Manfred"]
[Black "Spiess, Martin"]
[Result "0-1"]
[WhiteElo "2007"]
[BlackElo "2156"]
[PlyCount "106"]
[EventDate "2013.10.13"]
[EventType "team-tourn"]
[EventRounds "9"]
[EventCountry "GER"]
[SourceTitle "EXT 2015"]
[Source "ChessBase"]
[SourceDate "2014.11.20"]
[SourceVersion "1"]
[SourceVersionDate "2014.11.20"]
[SourceQuality "1"]
[WhiteTeam "Goeggingen"]
[BlackTeam "Ingolstadt"]
[WhiteTeamCountry "GER"]
[BlackTeamCountry "GER"]

1. e4 c5 2. Nf3 d6 3. Bb5+ Bd7 4. Bxd7+ Qxd7 5. c4 Nc6 6. d4 cxd4 7. Nxd4 Nf6 8. Nc3 g6 9. b3 Bg7 10. Bb2 0-0 11. 0-0 Rfc8 12. f3 Qd8 13. Nce2 Rab8 14. Qd2 a6 15. Rac1 Ne5 16. f4 Ned7 17. Ng3 Nc5 18. Rce1 e5 19. Nde2 Ncxe4 20. Qe3 Nxg3 21. Nxg3 Ng4 22. Qf3 f5 23. fxe5 dxe5 24. Nxf5 gxf5 25. Qxf5 Qb6+ 26. Kh1 Qg6 27. Qxg6 hxg6 28. h3 Nh6 29. Bxe5 Bxe5 30. Rxe5 Re8 31. Rfe1 Rxe5 32. Rxe5 Kf7 33. Rd5 Re8 34. c5 Nf5 35. b4 Re1+ 36. Kh2 Ke7 37. c6 bxc6 38. Ra5 Re4 39. a3 Kd7 40. Rxa6 Re2 41. b5 cxb5 42. Rxg6 Ra2 43. Rb6 Nd6 44. Ra6 Nc4 45. h4 Rxa3 46. Rf6 Ra8 47. h5 b4 48. Rf7+ Kc6 49. Rf3 Rb8 50. Rf6+ Kd5 51. g4 b3 52. h6 b2 53. Rf1 Ne3 0-1

[Event "Bayern-ch"]
[Site "Westerndorf St Peter"]
[Date "2013.08.26"]
[Round "2.14"]
[White "Jussupow, Nadejda"]
[Black "Eichner, Manfred"]
[Result "1/2-1/2"]
[WhiteElo "2156"]
[BlackElo "2042"]
[PlyCount "56"]
[EventDate "2013.08.25"]
[EventType "swiss"]
[EventRounds "9"]
[EventCountry "GER"]
[SourceTitle "EXT 2019"]
[Source "ChessBase"]
[SourceDate "2018.10.10"]
[SourceVersion "1"]
[SourceVersionDate "2018.10.10"]
[SourceQuality "1"]

1. e4 c5 2. d4 cxd4 3. c3 d5 4. exd5 Qxd5 5. cxd4 Nc6 6. Nf3 Bg4 7. Nc3 Bxf3 8. Nxd5 Bxd1 9. Nc7+ Kd7 10. Nxa8 Bg4 11. Bb5 Nf6 12. 0-0 e6 13. h3 Bf5 14. Bg5 Ne4 15. Be3 Bd6 16. g4 Bg6 17. d5 exd5 18. Rfd1 Rxa8 19. Rxd5 Ke7 20. Rad1 Rd8 21. f3 Nf6 22. R5d2 Ne8 23. Kg2 a6 24. Bxc6 bxc6 25. Bc5 f5 26. Re1+ Kf7 27. Red1 Ke7 28. Re1+ Kf7 1/2-1/2

[Event "Bayern-ch"]
[Site "Westerndorf St Peter"]
[Date "2013.08.25"]
[Round "1.8"]
[White "Straub, Juergen"]
[Black "Eichner, Manfred"]
[Result "1-0"]
[WhiteElo "2218"]
[BlackElo "2042"]
[PlyCount "109"]
[EventDate "2013.08.25"]
[EventType "swiss"]
[EventRounds "9"]
[EventCountry "GER"]
[SourceTitle "EXT 2019"]
[Source "ChessBase"]
[SourceDate "2018.10.10"]
[SourceVersion "1"]
[SourceVersionDate "2018.10.10"]
[SourceQuality "1"]

1. e4 e6 2. d4 d5 3. Nd2 Be7 4. Ngf3 Nf6 5. e5 Nfd7 6. Bd3 c5 7. c3 b6 8. Qe2 a5 9. 0-0 Ba6 10. c4 dxc4 11. Nxc4 cxd4 12. Qe4 Ra7 13. Qg4 g6 14. Qxd4 Nc6 15. Qe4 Nb4 16. Nd6+ Bxd6 17. Bxa6 Be7 18. Bb5 0-0 19. Bh6 Qa8 20. Qe2 Rd8 21. a3 Nd5 22. Nd4 Rc7 23. Rfd1 Rdc8 24. h4 Bf8 25. Bxf8 Rxf8 26. g3 h5 27. Kh2 Kg7 28. Bc4 Rxc4 29. Qxc4 Nxe5 30. Qe2 Ng4+ 31. Kg1 e5 32. Nf3 f5 33. Nh2 e4 34. Nxg4 hxg4 35. Qd2 Nf6 36. Rac1 Rf7 37. Qd8 Qxd8 38. Rxd8 Nh7 39. Rc6 g5 40. h5 Nf6 41. Rdd6 Nxh5 42. Rg6+ Kf8 43. Rh6 Ng7 44. Rhf6 Rxf6 45. Rxf6+ Ke7 46. Rxb6 f4 47. Rb5 Kf6 48. Rxa5 Ne6 49. Rd5 Nc7 50. Rd7 Ne6 51. b4 Ke5 52. a4 Nd4 53. a5 Nf3+ 54. Kf1 e3 55. fxe3 1-0

[Event "Regionalliga SW 1213"]
[Site "Bayern"]
[Date "2013.01.13"]
[Round "5.8"]
[White "Eichner, Manfred"]
[Black "Nuessel, Georg"]
[Result "1-0"]
[WhiteElo "2057"]
[BlackElo "2090"]
[PlyCount "105"]
[EventDate "2012.10.14"]
[EventType "team-tourn"]
[EventRounds "9"]
[EventCountry "GER"]
[SourceTitle "EXT 2015"]
[Source "ChessBase"]
[SourceDate "2014.11.20"]
[SourceVersion "1"]
[SourceVersionDate "2014.11.20"]
[SourceQuality "1"]
[WhiteTeam "Goeggingen"]
[BlackTeam "Garching II"]
[WhiteTeamCountry "GER"]
[BlackTeamCountry "GER"]

1. e4 d5 2. exd5 Qxd5 3. d4 e5 4. dxe5 Qxe5+ 5. Qe2 Qxe2+ 6. Bxe2 Bf5 7. c3 Bd6 8. Bf3 c6 9. Ne2 Nd7 10. Ng3 Bd3 11. Be4 Ba6 12. Nf5 Be5 13. f4 Bf6 14. Nd6+ Ke7 15. Nf5+ Kf8 16. Be3 g6 17. Ng3 h5 18. Bf3 Nh6 19. Nd2 Ng4 20. Bxg4 hxg4 21. 0-0-0 Be7 22. Nde4 Rd8 23. f5 f6 24. fxg6 Ne5 25. Rxd8+ Bxd8 26. Nc5 Bb6 27. Ne6+ Ke7 28. Bxb6 Kxe6 29. Bxa7 Nxg6 30. Ne4 Ra8 31. Bd4 Bc4 32. b3 Bd5 33. Nc5+ Ke7 34. Re1+ Kf7 35. Rf1 Rxa2 36. Rxf6+ Ke7 37. Rxg6 Rxg2 38. Rg7+ Ke8 39. c4 Bf3 40. Bf6 Re2 41. Nxb7 Rxh2 42. Nd6+ Kf8 43. Ra7 Rh1+ 44. Kb2 Kg8 45. Ra8+ Kh7 46. Rh8+ Kg6 47. Rxh1 Bxh1 48. Be5 Kg5 49. Bg3 Kf6 50. b4 Ke6 51. Kc3 Bf3 52. Kd4 Kd7 53. Kc5 1-0

[Event "Regionalliga SW 1213"]
[Site "Bayern"]
[Date "2012.11.11"]
[Round "2.8"]
[White "Closhen, Ingo"]
[Black "Eichner, Manfred"]
[Result "1-0"]
[WhiteElo "1982"]
[BlackElo "2057"]
[PlyCount "109"]
[EventDate "2012.10.14"]
[EventType "team-tourn"]
[EventRounds "9"]
[EventCountry "GER"]
[SourceTitle "EXT 2015"]
[Source "ChessBase"]
[SourceDate "2014.11.20"]
[SourceVersion "1"]
[SourceVersionDate "2014.11.20"]
[SourceQuality "1"]
[WhiteTeam "Sendling"]
[BlackTeam "Goeggingen"]
[WhiteTeamCountry "GER"]
[BlackTeamCountry "GER"]

1. d4 Nf6 2. Bg5 d5 3. Nd2 c5 4. e3 cxd4 5. exd4 Qb6 6. Nb3 Bf5 7. Bd3 Ne4 8. Nf3 Qg6 9. h4 Qe6 10. Qe2 Nc6 11. Be3 Bg4 12. 0-0-0 a6 13. Qe1 Qf5 14. Nc5 e6 15. Ng5 Bxc5 16. f3 Be7 17. Nxe4 dxe4 18. Bxe4 Qh5 19. fxg4 Qxg4 20. Bf3 Qf5 21. a3 Rc8 22. Rf1 Qb5 23. d5 Bf6 24. b3 Na5 25. Qb4 Nxb3+ 26. Kb1 Na5 27. dxe6 fxe6 28. Bg4 Qc4 29. Qxc4 Rxc4 30. Bxe6 Rc3 31. Bb6 Rxa3 32. Ba2 Nc4 33. Rxf6 Rxa2 34. Kxa2 gxf6 35. Rd8+ Kf7 36. Rxh8 Nxb6 37. Rxh7+ Kg6 38. Rxb7 Nd5 39. Rd7 Ne3 40. Rd2 f5 41. Re2 Nf1 42. c4 Ng3 43. Re3 Nf1 44. Rd3 Kh5 45. c5 Kxh4 46. c6 f4 47. c7 Ne3 48. c8Q Kg3 49. Qh3+ Kf2 50. g4 Ke2 51. Rxe3+ fxe3 52. g5 Kd2 53. g6 e2 54. Qg2 Kd1 55. Qxe2+ 1-0

[Event "Regionalliga SW 1011"]
[Site "Bayern"]
[Date "2011.04.10"]
[Round "9.6"]
[White "Lux, Werner"]
[Black "Eichner, Manfred"]
[Result "1-0"]
[WhiteElo "1997"]
[BlackElo "1840"]
[PlyCount "97"]
[EventDate "2010.10.10"]
[EventType "team-tourn"]
[EventRounds "9"]
[EventCountry "GER"]
[SourceTitle "EXT 2012"]
[Source "ChessBase"]
[SourceDate "2011.11.24"]
[SourceVersion "1"]
[SourceVersionDate "2011.11.24"]
[SourceQuality "1"]
[WhiteTeam "Tuerkheim/Bad Woerishofen"]
[BlackTeam "Goeggingen"]
[WhiteTeamCountry "GER"]
[BlackTeamCountry "GER"]

1. e4 c5 2. Nf3 e6 3. d3 Nc6 4. g3 g6 5. Bg2 Bg7 6. 0-0 Nge7 7. c3 Qb6 8. Na3 d5 9. Qe2 0-0 10. Rb1 Bd7 11. e5 a5 12. Bh3 Qa6 13. Bg5 b5 14. Qd2 b4 15. Nc2 Rab8 16. Bf6 d4 17. Bxg7 Kxg7 18. cxd4 cxd4 19. Ncxd4 Nd5 20. Nxc6 Bxc6 21. Ng5 Bb5 22. Rfd1 Rbd8 23. d4 Qb6 24. Ne4 Ba4 25. Rdc1 Bc6 26. Nd6 Ba8 27. Bg2 Rd7 28. Rc5 a4 29. Rbc1 a3 30. bxa3 bxa3 31. Rb5 Rxd6 32. Rxb6 Rxb6 33. Qa5 Rb2 34. Qxa3 Rfb8 35. h3 Rd2 36. Qa7 Rbb2 37. Qxa8 Rxa2 38. Bxd5 Rxa8 39. Bxa8 Rxd4 40. Rc5 Rd7 41. Kg2 h5 42. Be4 Kf8 43. Rb5 Ra7 44. h4 Ra4 45. Kf3 Kg7 46. Kf4 Ra2 47. f3 Ra4 48. Kg5 Ra6 49. Bxg6 1-0

[Event "Regionalliga SW 1011"]
[Site "Bayern"]
[Date "2011.01.16"]
[Round "5.8"]
[White "Niedergesaess, Herbert"]
[Black "Eichner, Manfred"]
[Result "1-0"]
[WhiteElo "1871"]
[BlackElo "1840"]
[PlyCount "80"]
[EventDate "2010.10.10"]
[EventType "team-tourn"]
[EventRounds "9"]
[EventCountry "GER"]
[SourceTitle "EXT 2012"]
[Source "ChessBase"]
[SourceDate "2011.11.24"]
[SourceVersion "1"]
[SourceVersionDate "2011.11.24"]
[SourceQuality "1"]
[WhiteTeam "Haar"]
[BlackTeam "Goeggingen"]
[WhiteTeamCountry "GER"]
[BlackTeamCountry "GER"]

1. c4 b6 2. Nf3 e6 3. g3 Bb7 4. Bg2 Nf6 5. 0-0 Be7 6. Nc3 0-0 7. d4 Ne4 8. Qc2 Nxc3 9. Qxc3 f5 10. e3 Bf6 11. b3 d6 12. Bb2 Nd7 13. Rad1 Qe8 14. Qd2 Qh5 15. Ne1 Bxg2 16. Nxg2 g5 17. f3 e5 18. dxe5 Nxe5 19. Bxe5 Bxe5 20. f4 Bg7 21. fxg5 Qxg5 22. Qd5+ Kh8 23. e4 Rae8 24. Rxf5 Rxf5 25. exf5 h5 26. Nf4 h4 27. Qf7 Re3 28. Ng6+ Kh7 29. Nxh4 Re2 30. Qg6+ Qxg6 31. fxg6+ Kh6 32. Rf1 Rxa2 33. Rf7 c5 34. Rd7 Ra3 35. Rxd6 Be5 36. Re6 Bd4+ 37. Kg2 Bc3 38. Nf5+ Kg5 39. g7 Bxg7 40. Nxg7 Rxb3 1-0

[Event "Regionalliga SW 1011"]
[Site "Bayern"]
[Date "2010.10.10"]
[Round "1.8"]
[White "Mueller, Constantin"]
[Black "Eichner, Manfred"]
[Result "1-0"]
[WhiteElo "1786"]
[BlackElo "1840"]
[PlyCount "61"]
[EventDate "2010.10.10"]
[EventType "team-tourn"]
[EventRounds "9"]
[EventCountry "GER"]
[SourceTitle "EXT 2012"]
[Source "ChessBase"]
[SourceDate "2011.11.24"]
[SourceVersion "1"]
[SourceVersionDate "2011.11.24"]
[SourceQuality "1"]
[WhiteTeam "Muenchen Suedost"]
[BlackTeam "Goeggingen"]
[WhiteTeamCountry "GER"]
[BlackTeamCountry "GER"]

1. d4 Nf6 2. Nf3 e6 3. c4 Bb4+ 4. Bd2 a5 5. g3 0-0 6. Bg2 d5 7. 0-0 c6 8. Qb3 Na6 9. a3 Bxd2 10. Nbxd2 Rb8 11. Ne5 Bd7 12. e3 b5 13. c5 Qc7 14. Qc2 Be8 15. f4 Nd7 16. Bh3 f5 17. g4 g6 18. Kh1 Nf6 19. gxf5 exf5 20. Rg1 Ne4 21. Nxe4 dxe4 22. Rg5 Qe7 23. Rag1 Kh8 24. Qg2 Qe6 25. Qxe4 Nc7 26. Qf3 Nd5 27. Qg3 Nf6 28. Qg2 Ne4 29. Qxe4 Qb3 30. Qd3 Qxb2 31. R5g2 1-0

[Event "Bad Woerishofen op 26th"]
[Site "Bad Woerishofen"]
[Date "2010.03.12"]
[Round "7"]
[White "Eichner, Manfred"]
[Black "Kunz, Konstantin"]
[Result "0-1"]
[WhiteElo "2041"]
[BlackElo "2273"]
[PlyCount "111"]
[EventDate "2010.03.06"]
[EventType "swiss"]
[EventRounds "9"]
[EventCountry "GER"]
[SourceTitle "CBM 135 Extra"]
[Source "ChessBase"]
[SourceDate "2010.05.04"]
[SourceVersion "1"]
[SourceVersionDate "2010.05.04"]
[SourceQuality "1"]

1. d4 Nf6 2. Nf3 e6 3. g3 b6 4. Bg2 Bb7 5. 0-0 c5 6. c4 cxd4 7. Qxd4 d6 8. Nc3 a6 9. Rd1 Be7 10. b3 Nbd7 11. e4 Qc7 12. Ba3 Nc5 13. e5 dxe5 14. Qxe5 Qc8 15. Bb2 0-0 16. Rd2 Re8 17. Rad1 h6 18. h3 Bc6 19. Nd4 Bxg2 20. Kxg2 Qb7+ 21. Kh2 Rad8 22. Qe3 Rc8 23. f4 Rcd8 24. Qf3 Rxd4 25. Qxb7 Rxd2+ 26. Rxd2 Nxb7 27. Na4 b5 28. cxb5 axb5 29. Nb6 Nc5 30. a4 Nxb3 31. Rc2 bxa4 32. Nxa4 Nd5 33. Kg1 Ra8 34. Nc3 Rc8 35. Nxd5 Rxc2 36. Nxe7+ Kf8 37. Ba3 Ke8 38. f5 Rc7 39. f6 g6 40. g4 Nd2 41. Ng8 h5 42. gxh5 gxh5 43. Kg2 Nc4 44. Be7 Ne3+ 45. Kf3 Nf5 46. Bb4 Rb7 47. Bd2 Rb3+ 48. Kf4 Rxh3 49. Ke5 Rh2 50. Bb4 Rb2 51. Ba3 Ra2 52. Bb4 Ra4 53. Bd2 h4 54. Bf4 h3 55. Bh2 Ra2 56. Bg1 0-1

[Event "Regionalliga SW 0910"]
[Site "Bayern"]
[Date "2010.01.24"]
[Round "5.7"]
[White "Eichner, Manfred"]
[Black "Broschwitz, Martin"]
[Result "0-1"]
[WhiteElo "1925"]
[BlackElo "2099"]
[PlyCount "120"]
[EventDate "2009.10.18"]
[EventType "team-tourn"]
[EventRounds "9"]
[EventCountry "GER"]
[SourceTitle "EXT 2011"]
[Source "ChessBase"]
[SourceDate "2010.11.26"]
[SourceVersion "1"]
[SourceVersionDate "2010.11.26"]
[SourceQuality "1"]
[WhiteTeam "Goeggingen"]
[BlackTeam "Unterhaching"]
[WhiteTeamCountry "GER"]
[BlackTeamCountry "GER"]

1. d4 Nf6 2. Nf3 d5 3. g3 g6 4. Bg2 Bg7 5. 0-0 0-0 6. c4 c6 7. Nc3 Nbd7 8. cxd5 cxd5 9. Bf4 Nb6 10. Rc1 Bf5 11. Qb3 Nh5 12. Bd2 Be4 13. a4 e6 14. a5 Bxf3 15. Bxf3 Nc4 16. Be1 Nxa5 17. Qa4 Nc6 18. Bxh5 gxh5 19. e3 h4 20. Qd1 hxg3 21. hxg3 f5 22. Kg2 Rf6 23. Rh1 Rh6 24. Rxh6 Bxh6 25. Na4 Qe8 26. Nc5 Qf7 27. Bd2 Bf8 28. Nd3 Bd6 29. Qf3 Rc8 30. Rh1 Rc7 31. Rh6 Bf8 32. Rh1 Bd6 33. Rh6 Ne7 34. Bc3 Ng6 35. Kf1 Bf8 36. Rh1 Qe8 37. Ke2 b6 38. Kd2 a5 39. Qh5 a4 40. g4 Qf7 41. f4 fxg4 42. Qxg4 Bd6 43. Rh5 Qd7 44. Ne5 Bxe5 45. dxe5 a3 46. bxa3 Qc6 47. Bb4 Qc1+ 48. Ke2 Rc2+ 49. Kd3 Kg7 50. f5 exf5 51. Rxf5 Qb1 52. Rf7+ Kxf7 53. Qd7+ Kg8 54. Qe8+ Kg7 55. Qd7+ Kh6 56. Qh3+ Kg5 57. Qg3+ Kh5 58. Qf3+ Kh4 59. Qf6+ Kh3 60. Qf3+ Kh2 0-1

[Event "Regionalliga SW 0910"]
[Site "Bayern"]
[Date "2009.12.13"]
[Round "4.8"]
[White "Eichner, Manfred"]
[Black "Aicher, Hans"]
[Result "1-0"]
[WhiteElo "1925"]
[BlackElo "1657"]
[PlyCount "31"]
[EventDate "2009.10.18"]
[EventType "team-tourn"]
[EventRounds "9"]
[EventCountry "GER"]
[SourceTitle "EXT 2011"]
[Source "ChessBase"]
[SourceDate "2010.11.26"]
[SourceVersion "1"]
[SourceVersionDate "2010.11.26"]
[SourceQuality "1"]
[WhiteTeam "Goeggingen"]
[BlackTeam "Sonthofen"]
[WhiteTeamCountry "GER"]
[BlackTeamCountry "GER"]

1. e4 d5 2. exd5 Nf6 3. c4 e6 4. dxe6 Bxe6 5. d4 Bb4+ 6. Nc3 0-0 7. Be3 Re8 8. Be2 Ne4 9. Qb3 Qe7 10. Nf3 Bg4 11. 0-0 Bxf3 12. Bxf3 Nxc3 13. bxc3 Bd6 14. Bxb7 Nd7 15. Bxa8 Rxa8 16. c5 1-0